| 000 | 00540nam a22001817a 4500 | ||
|---|---|---|---|
| 003 | CEME | ||
| 005 | 20210628203512.0 | ||
| 008 | 210126b xxu||||| |||| 00| 0 eng d | ||
| 020 | _a0-15-507162-9 | ||
| 040 | _c. | ||
| 082 | _a519.5 FUR | ||
| 100 |
_aFurlong, Nancy E:Lovelace, Eugene A:Lovelace, Kristin L _965861 |
||
| 245 | _aResearch methods and statistics;an integrated approach | ||
| 260 |
_aCANADA _bTHOMSON LEARNIN _c2000 |
||
| 300 | _aXXI,745P | ||
| 650 |
_aSTATISTICS.RESEARCH METHODS IN STATISTICS _965862 |
||
| 942 |
_cBK _2ddc |
||
| 999 |
_c573951 _d573951 |
||